000
00301nam a22001217a 4500
005
20250820180402.0
008
250820b |||||||| |||| 00| 0 eng d
082
_a
005
_b
SON-M
100
_a
Son
245
_a
Mastering Windows Server 2016
650
_a
Computer/Microsoft Office & Windows
999
_c
37038
_d
37038